书目信息 |
| 题名: |
高质量的幼儿教育
|
|
| 作者: | 怀特布莱德 , 科尔特曼 主编 ;李甦 译 | |
| 分册: | ||
| 出版信息: | 上海 华东师范大学出版社 2019.10 |
|
| 页数: | 286页 | |
| 开本: | 26cm | |
| 丛书名: | 大夏书系 | |
| 单 册: | ||
| 中图分类: | G61 | |
| 科图分类: | ||
| 主题词: | 幼儿教育--研究 | |
| 电子资源: | ||
| ISBN: | 978-7-5675-9068-7 | |
| 000 | 01276oam2 2200301 450 | |
| 001 | 0103152655 | |
| 005 | 20201103152732.0 | |
| 010 | @a978-7-5675-9068-7@dCNY69.80 | |
| 100 | @a20200408d2019 em y0chiy50 ea | |
| 101 | 1 | @achi@ceng |
| 102 | @aCN@b310000 | |
| 105 | @aa z 000yy | |
| 106 | @ar | |
| 200 | 1 | @a高质量的幼儿教育@Agao zhi liang de you er jiao yu@e儿童早期的教与学@dTeaching and learning in the early years@f(英)大卫·怀特布莱德(David Whitebread), (英)彭尼·科尔特曼(Penny Coltman)主编@g李甦等译@zeng |
| 210 | @a上海@c华东师范大学出版社@d2019.10 | |
| 215 | @a286页@c图, 照片@d26cm | |
| 225 | 2 | @a大夏书系@i教师教育精品译丛 |
| 330 | @a本书介绍了与儿童学习和发展有关的研究成果、新进展;阐述了早期教育及其课程的基本原则、方法;展示了如何将原则和方法转化为课堂实践活动案例;每章节均提炼出了要点,总结了教学实践中的具体建议等。 | |
| 461 | 0 | @12001 @a大夏书系 |
| 462 | 0 | @12001 @a教师教育精品译丛 |
| 510 | 1 | @aTeaching and learning in the early years@zeng |
| 606 | 0 | @a幼儿教育@x研究 |
| 690 | @aG61@v5 | |
| 701 | 0 | @c(英)@a怀特布莱德@Ahuai te bu lai de@c(Whitebread, David)@4主编 |
| 701 | 0 | @c(英)@a科尔特曼@Ake er te man@c(Coltman, Penny)@4主编 |
| 702 | 0 | @a李甦@Ali su@4译 |
| 801 | 0 | @aCN@bBJSZM@c20201103 |
| 905 | @b1257086-90@dG61@e1080@f5 | |
| 高质量的幼儿教育:儿童早期的教与学=Teaching and learning in the early years/(英)大卫·怀特布莱德(David Whitebread), (英)彭尼·科尔特曼(Penny Coltman)主编/李甦等译.-上海:华东师范大学出版社,2019.10 |
| 286页:图, 照片;26cm.-(大夏书系.教师教育精品译丛) |
| ISBN 978-7-5675-9068-7:CNY69.80 |
| 本书介绍了与儿童学习和发展有关的研究成果、新进展;阐述了早期教育及其课程的基本原则、方法;展示了如何将原则和方法转化为课堂实践活动案例;每章节均提炼出了要点,总结了教学实践中的具体建议等。 |
| ● |
| 相关链接 |
|
|
|
|
正题名:高质量的幼儿教育
索取号:G61/1080
 
预约/预借
| 序号 | 登录号 | 条形码 | 馆藏地/架位号 | 状态 | 备注 |
| 1 | 1257086 | 212570868 | 第一样本阅览室/ [索取号:G61/1080] | 在馆 | |
| 2 | 1257087 | 212570877 | 教育系资料室/ [索取号:G61/1080] | 在馆 | |
| 3 | 1257088 | 212570886 | 教育系资料室/ [索取号:G61/1080] | 在馆 | |
| 4 | 1257089 | 212570895 | 第四借阅区/ [索取号:G61/1080] | 在馆 | |
| 5 | 1257090 | 212570902 | 第四借阅区/ [索取号:G61/1080] | 在馆 |